Normal view MARC view

Entry Personal Name

Number of records used in: 1

001 - CONTROL NUMBER

  • control field: 9985

003 - CONTROL NUMBER IDENTIFIER

  • control field: DLC

005 - DATE AND TIME OF LATEST TRANSACTION

  • control field: 20231204111314.0

008 - FIXED-LENGTH DATA ELEMENTS

  • fixed length control field: 940831n| azannaab |a aaa c

010 ## - LIBRARY OF CONGRESS CONTROL NUMBER

  • LC control number: nr 94028767

040 ## - CATALOGING SOURCE

  • Original cataloging agency: NjP
  • Language of cataloging: eng
  • Description conventions: rda
  • Transcribing agency: NjP
  • Modifying agency: DLC

100 1# - HEADING--PERSONAL NAME

  • Personal name: Kapur, Devesh,
  • Dates associated with a name: 1959-

370 ## - ASSOCIATED PLACE

  • Place of residence/headquarters: Philadelphia (Pa.)
  • Source of term: naf

372 ## - FIELD OF ACTIVITY

  • Field of activity: Political science
  • Source of term: lcsh

373 ## - ASSOCIATED GROUP

  • Associated group: Center for the Advanced Study of India (University of Pennsylvania)
  • Source of term: naf

374 ## - OCCUPATION

  • Occupation: Political science teachers
  • Source of term: lcsh

375 ## - GENDER

  • Gender: male

377 ## - ASSOCIATED LANGUAGE

  • Language code: eng

400 0# - SEE FROM TRACING--PERSONAL NAME

  • Personal name: Devesh Kapur,
  • Dates associated with a name: 1959-

670 ## - SOURCE DATA FOUND

  • Source citation: On industrial performance, 1994:
  • Information found: t.p. (Devesh Kapur)

670 ## - SOURCE DATA FOUND

  • Source citation: Info. from Princeton University Archives, 8-2-94
  • Information found: (Kapur, Devesh, b. 11-1-59)

670 ## - SOURCE DATA FOUND

  • Source citation: Navigating the labyrinth, [2017]:
  • Information found: t.p. (Devesh Kapur) jacket (professor, political science, and director, Center for the Advanced Study of India (CASI), University of Pennsylvania)

Powered by Koha